Maniobras militares USA en Honduras: invasión militar en Honduras /

Wedi'i Gadw mewn:
Manylion Llyfryddiaeth
Awdur Corfforaethol: CEDOH
Fformat: Texto
Pynciau:
Tagiau: Ychwanegu Tag
Dim Tagiau, Byddwch y cyntaf i dagio'r cofnod hwn!

MARC

LEADER 00000 a a2200000 04500
001 44879
003
040
110 |a CEDOH  
245 |a Maniobras militares USA en Honduras:   |b invasión militar en Honduras /  |c CEDOH  
650 |a IMPERIALISMO  
650 |a GUERRA  
650 |a AGRESION  
650 |a INTERVENCION EXTRANJERA  
650 |a MILITARISMO  
650 |a OPOSICION  
650 |a HISTORIA  
773 |g volumen11, número93 (1980), Páginas: 3-4  
999 |c 27967  |d 27967